000 01042nam a2200241 i 4500
001 165773
003 ES-MaACL
005 20250717042653.0
008 050906s1886 fr | |||||||| ||fre d
040 _aCAM
_bspa
_cCAM
100 1 _aSterne, Laurence.
_9108138
245 1 0 _aVoyage sentimental
_b: ; suivi des Amours de mon Oncle Tobie; du Voyage de Tristam Shandy en France; de l'Histoire de l'Abbesse des Andouillettes /
_cL. Sterne.
250 _aNouvelle éd. précédée d'une notice sur l'auteur.
260 _aParis :
_bE. Dentu éditeur,
_c1886 (
_fImp. de la Sec. de Typ.-Noizette)
300 _aIV, 302 p. ;
_c17 cm.
490 1 _aBibliothèque choisie des chefs-d'oeuvre français et étrangers
740 0 _aAmours de mon Oncle Tobie.
740 0 _aVoyage de Tristram Shandy en France.
740 0 _aHistoire de l'Abbesse des Andouillettes.
830 0 0 _aBibliothèque choisie des chefs-d'oeuvre français et étrangers
_9221569
852 _aES-MaACL
_jG-10135
_z-- Enc. pasta española
999 _c165773
_d165773